| 000 | 00676cam a2200217 i 4500 | ||
|---|---|---|---|
| 001 | 2756527 | ||
| 005 | 20180216064440.0 | ||
| 008 | 800721s1980 mau b 001 0 eng | ||
| 010 | _a 79092957 | ||
| 020 |
_a0316102644 : _c$12.95 |
||
| 040 |
_aDLC _cDLC _dDLC |
||
| 041 | _aeng | ||
| 080 | _a616.24 | ||
| 082 | 0 | 0 |
_a616.24 BOR _219 |
| 100 | _a4 | ||
| 101 | _aSHM | ||
| 245 | 0 | 0 |
_aManual of clinical problems in pulmonary medicine : _cedited by Richard A. Bordow, Edward W. Stool, Kenneth M. Moser. |
| 504 | _aIncludes bibliographical references and index. | ||
| 906 |
_a7 _bcbc _corignew _d2 _eopcn _f19 _gy-gencatlg |
||
| 942 |
_2ddc _cBK |
||
| 999 |
_c42783 _d42783 |
||